[Event "DEM U12w 2021"]
[Site "Willingen GER"]
[Date "2021.08.25"]
[Round "4"]
[White "Huber, Laura"]
[Black "Burlutskaia, Maria"]
[Result "1-0"]
[Termination "normal"]
[Board "5"]
[WhiteElo "1265"]
[BlackElo "1337"]
[WhiteClock "00:17:06"]
[BlackClock "00:53:36"]
[PlyCount "71"]
[WhiteFideId "16270940"]
[BlackFideId "34607137"]
[EventCountry "GER"]
[EventRounds "9"]
[EventType "swiss"]
[EventDate "2021.08.22"]

1. f4 {[%clk 1:30:55]} d5 {[%clk 1:30:49]} 2. Nf3 {[%clk 1:31:05]} Nf6 {[%clk
1:31:07]} 3. e3 {[%clk 1:30:28]} c5 {[%clk 1:31:16]} 4. b3 {[%clk 1:25:28]} g6
{[%clk 1:30:46]} 5. Bb2 {[%clk 1:25:02]} Bg7 {[%clk 1:30:08]} 6. Bb5+ {[%clk
1:23:12]} Bd7 {[%clk 1:29:41]} 7. Bxd7+ {[%clk 1:22:24]} Nbxd7 {[%clk 1:30:00]}
8. d3 {[%clk 1:21:48]} Qa5+ {[%clk 1:28:32]} 9. Bc3 {[%clk 1:11:35]} Qb6 {[%clk
1:28:38]} 10. Qe2 {[%clk 1:09:32]} O-O-O {[%clk 1:28:52]} 11. Nbd2 {[%clk
1:07:50]} Nh5 {[%clk 1:24:51]} 12. Bxg7 {[%clk 1:06:02]} Nxg7 {[%clk 1:25:12]}
13. O-O {[%clk 0:58:54]} Nf6 {[%clk 1:21:41]} 14. Ne5 {[%clk 0:54:09]} Rhf8
{[%clk 1:20:03]} 15. Rfb1 {[%clk 0:46:20]} Nd7 {[%clk 1:16:49]} 16. Nef3 {[%clk
0:43:27]} Nf5 {[%clk 1:12:58]} 17. a3 {[%clk 0:39:07]} Nd6 {[%clk 1:12:36]} 18.
d4 {[%clk 0:36:16]} Nb5 {[%clk 1:10:54]} 19. Qd3 {[%clk 0:32:38]} cxd4 {[%clk
1:10:36]} 20. exd4 {[%clk 0:31:40]} f6 {[%clk 1:07:49]} 21. c4 {[%clk 0:28:48]}
Nc7 {[%clk 1:03:53]} 22. c5 {[%clk 0:27:06]} Qb5 {[%clk 1:01:23]} 23. Qc3
{[%clk 0:24:51]} Rfe8 {[%clk 0:58:30]} 24. a4 {[%clk 0:24:20]} Qc6 {[%clk
0:58:45]} 25. Re1 {[%clk 0:22:48]} b6 {[%clk 0:56:09]} 26. b4 {[%clk 0:22:21]}
a6 27. Rec1 {[%clk 0:20:26]} b5 {[%clk 0:53:54]} 28. Nb3 {[%clk 0:16:14]} bxa4
{[%clk 0:52:43]} 29. Na5 {[%clk 0:16:32]} Nb5 {[%clk 0:53:06]} 30. Nxc6 {[%clk
0:15:02]} Nxc3 {[%clk 0:53:26]} 31. Rxc3 {[%clk 0:15:28]} Kb7 {[%clk 0:52:22]}
32. Nxd8+ {[%clk 0:15:49]} Rxd8 {[%clk 0:52:47]} 33. c6+ {[%clk 0:16:09]} Kc7
{[%clk 0:53:13]} 34. cxd7+ {[%clk 0:16:33]} Kxd7 {[%clk 0:53:32]} 35. Rxa4
{[%clk 0:16:54]} Ra8 {[%clk 0:53:36]} 36. b5 {[%clk 0:17:06]} 1-0

[Event "DEM U12w 2021"]
[Site "Willingen GER"]
[Date "2021.08.25"]
[Round "4"]
[White "Trunz, Tamila"]
[Black "Haug, Mara"]
[Result "0-1"]
[Termination "normal"]
[Board "6"]
[WhiteElo "1353"]
[BlackElo "1366"]
[WhiteClock "00:23:46"]
[BlackClock "00:27:17"]
[PlyCount "88"]
[WhiteFideId "16267885"]
[BlackFideId "16259300"]
[EventCountry "GER"]
[EventRounds "9"]
[EventType "swiss"]
[EventDate "2021.08.22"]

1. e4 {[%clk 1:30:57]} e5 {[%clk 1:30:55]} 2. Nf3 {[%clk 1:31:15]} Nc6 {[%clk
1:31:21]} 3. Bb5 {[%clk 1:31:25]} f5 {[%clk 1:31:43]} 4. d3 {[%clk 1:30:13]}
fxe4 {[%clk 1:32:06]} 5. dxe4 {[%clk 1:30:27]} Nf6 {[%clk 1:32:14]} 6. Nc3
{[%clk 1:28:43]} d6 {[%clk 1:31:37]} 7. a3 {[%clk 1:23:40]} Be7 {[%clk
1:30:36]} 8. Bc4 {[%clk 1:21:32]} Bg4 {[%clk 1:29:22]} 9. h3 {[%clk 1:19:00]}
Bh5 {[%clk 1:28:55]} 10. g4 {[%clk 1:09:09]} Bg6 {[%clk 1:25:12]} 11. Qd3
{[%clk 0:58:29]} Nd7 {[%clk 1:20:20]} 12. b4 {[%clk 0:52:07]} Nb6 {[%clk
1:18:09]} 13. Be6 {[%clk 0:47:51]} Rf8 {[%clk 1:16:06]} 14. Bf5 {[%clk
0:40:58]} Bf7 {[%clk 1:03:55]} 15. g5 {[%clk 0:38:50]} g6 {[%clk 0:52:23]} 16.
Bg4 {[%clk 0:39:05]} a6 {[%clk 0:46:08]} 17. h4 {[%clk 0:35:59]} Bc4 {[%clk
0:39:00]} 18. Qe3 {[%clk 0:34:40]} Rf4 {[%clk 0:35:02]} 19. Rg1 {[%clk
0:31:45]} Bf8 {[%clk 0:31:07]} 20. Bb2 {[%clk 0:28:29]} h5 {[%clk 0:23:56]} 21.
Bh3 {[%clk 0:27:54]} Bg8 {[%clk 0:22:59]} 22. O-O-O {[%clk 0:26:28]} Nc4 {[%clk
0:20:45]} 23. Qe2 {[%clk 0:25:56]} Qb8 {[%clk 0:18:31]} 24. Nd5 {[%clk
0:22:53]} Bxd5 {[%clk 0:16:35]} 25. exd5 {[%clk 0:22:19]} Ne7 {[%clk 0:15:31]}
26. Rge1 {[%clk 0:21:12]} Qa7 {[%clk 0:13:23]} 27. a4 {[%clk 0:17:43]} Nxb2
{[%clk 0:12:09]} 28. Kxb2 {[%clk 0:17:43]} Rxb4+ {[%clk 0:11:33]} 29. Kc1
{[%clk 0:16:10]} Rxa4 {[%clk 0:10:14]} 30. Kd2 {[%clk 0:12:00]} Qc5 {[%clk
0:09:31]} 31. Qd3 {[%clk 0:07:30]} Qxd5 {[%clk 0:08:55]} 32. Qxd5 {[%clk
0:07:10]} Nxd5 {[%clk 0:09:22]} 33. Nxe5 {[%clk 0:04:34]} dxe5 {[%clk 0:04:48]}
34. Rxe5+ {[%clk 0:04:22]} Kf7 {[%clk 0:04:11]} 35. Be6+ {[%clk 0:03:39]} Kg7
{[%clk 0:04:08]} 36. Rxd5 {[%clk 0:03:20]} Bd6 {[%clk 0:03:51]} 37. Rb1 {[%clk
0:02:40]} b6 {[%clk 0:02:40]} 38. Rh1 {[%clk 0:01:53]} Rf4 {[%clk 0:02:39]} 39.
Kc3 {[%clk 0:00:40]} Rxf2 {[%clk 0:02:33]} 40. Kb3 {[%clk 0:00:40]} Rf4 {[%clk
0:02:16]} 41. c3 {[%clk 0:29:01]} Rd8 {[%clk 0:31:27]} 42. Rd4 {[%clk 0:27:19]}
Rdf8 {[%clk 0:27:48]} 43. Rhd1 {[%clk 0:23:19]} Rxd4 {[%clk 0:27:12]} 44. Rxd4
{[%clk 0:23:46]} Rf4 {[%clk 0:27:17]} 0-1

[Event "DEM U12w 2021"]
[Site "Willingen GER"]
[Date "2021.08.25"]
[Round "4"]
[White "Flierl, Veronika"]
[Black "Bauer, Laura Sophie"]
[Result "0-1"]
[Termination "normal"]
[Board "7"]
[WhiteElo "1372"]
[BlackElo "1309"]
[WhiteClock "00:32:32"]
[BlackClock "00:52:16"]
[PlyCount "50"]
[WhiteFideId "34603697"]
[BlackFideId "16253647"]
[EventCountry "GER"]
[EventRounds "9"]
[EventType "swiss"]
[EventDate "2021.08.22"]

1. e4 {[%clk 1:30:47]} c5 {[%clk 1:30:58]} 2. Nc3 {[%clk 1:31:12]} Nc6 {[%clk
1:31:22]} 3. Bb5 {[%clk 1:31:38]} g6 {[%clk 1:31:04]} 4. Bxc6 {[%clk 1:31:44]}
bxc6 {[%clk 1:30:46]} 5. f4 {[%clk 1:30:10]} Bg7 {[%clk 1:29:55]} 6. Nf3 {[%clk
1:29:42]} e6 {[%clk 1:28:28]} 7. d3 {[%clk 1:29:26]} d5 {[%clk 1:27:54]} 8. O-O
{[%clk 1:29:32]} Ne7 {[%clk 1:27:33]} 9. Qe1 {[%clk 1:25:40]} O-O {[%clk
1:23:07]} 10. Qh4 {[%clk 1:19:50]} Ba6 {[%clk 1:14:15]} 11. f5 {[%clk 1:06:15]}
exf5 {[%clk 1:10:24]} 12. Bh6 {[%clk 1:03:24]} dxe4 {[%clk 1:07:07]} 13. Ng5
{[%clk 0:58:56]} Qd4+ {[%clk 1:05:00]} 14. Kh1 {[%clk 0:54:06]} exd3 {[%clk
1:03:21]} 15. Rf4 {[%clk 0:51:14]} Qf6 {[%clk 1:01:41]} 16. Nce4 {[%clk
0:48:33]} Qxb2 {[%clk 0:57:10]} 17. Bxg7 {[%clk 0:47:48]} Qxg7 {[%clk 0:54:24]}
18. Nf6+ {[%clk 0:46:08]} Kh8 {[%clk 0:54:44]} 19. Ngxh7 {[%clk 0:43:50]} Ng8
{[%clk 0:53:56]} 20. Nxf8+ {[%clk 0:39:38]} Qh6 {[%clk 0:52:54]} 21. Qxh6+
{[%clk 0:39:01]} Nxh6 {[%clk 0:53:18]} 22. N8d7 {[%clk 0:38:50]} dxc2 {[%clk
0:53:06]} 23. Rh4 {[%clk 0:36:41]} Kg7 {[%clk 0:53:24]} 24. Rh3 {[%clk
0:34:30]} Rd8 {[%clk 0:52:04]} 25. Rd3 {[%clk 0:32:32]} Bxd3 {[%clk 0:52:16]}
0-1

[Event "DEM U12w 2021"]
[Site "Willingen GER"]
[Date "2021.08.25"]
[Round "4"]
[White "Hergenröder, Cora"]
[Black "Milman, Sophie"]
[Result "1-0"]
[Termination "normal"]
[Board "8"]
[WhiteElo "1463"]
[BlackElo "1024"]
[WhiteClock "00:43:52"]
[BlackClock "00:49:07"]
[PlyCount "149"]
[WhiteFideId "34603700"]
[BlackFideId "34608885"]
[EventCountry "GER"]
[EventRounds "9"]
[EventType "swiss"]
[EventDate "2021.08.22"]

1. d4 {[%clk 1:30:59]} d5 {[%clk 1:30:54]} 2. c4 {[%clk 1:31:26]} e6 {[%clk
1:31:13]} 3. cxd5 {[%clk 1:31:53]} exd5 {[%clk 1:31:09]} 4. Nc3 {[%clk
1:32:19]} Nf6 {[%clk 1:31:12]} 5. Bg5 {[%clk 1:32:45]} Be6 {[%clk 1:30:30]} 6.
Qb3 {[%clk 1:32:36]} c6 {[%clk 1:26:19]} 7. Qxb7 {[%clk 1:29:53]} Nbd7 {[%clk
1:21:52]} 8. Qxc6 {[%clk 1:29:55]} Be7 {[%clk 1:19:42]} 9. e3 {[%clk 1:27:35]}
O-O {[%clk 1:18:04]} 10. Nf3 {[%clk 1:26:11]} Rc8 {[%clk 1:14:18]} 11. Qa4
{[%clk 1:26:22]} h6 {[%clk 1:13:00]} 12. Bf4 {[%clk 1:26:33]} Ne4 {[%clk
1:11:32]} 13. Nxe4 {[%clk 1:26:24]} dxe4 {[%clk 1:11:32]} 14. Nd2 {[%clk
1:26:43]} Nb6 {[%clk 1:09:40]} 15. Qd1 {[%clk 1:26:09]} Bb4 {[%clk 1:08:14]}
16. a3 {[%clk 1:24:02]} Bxd2+ {[%clk 1:06:40]} 17. Qxd2 {[%clk 1:24:26]} Nc4
{[%clk 1:06:37]} 18. Bxc4 {[%clk 1:24:10]} Bxc4 {[%clk 1:06:53]} 19. Rc1 {[%clk
1:23:57]} Bd3 {[%clk 1:06:19]} 20. Rxc8 {[%clk 1:23:23]} Qxc8 {[%clk 1:06:23]}
21. Qc3 {[%clk 1:23:41]} Qa6 {[%clk 1:05:48]} 22. Kd2 {[%clk 1:05:54]} Rc8
{[%clk 1:05:07]} 23. Qb3 {[%clk 1:04:41]} Rc2+ {[%clk 1:03:14]} 24. Kd1 {[%clk
1:04:58]} Rxf2 {[%clk 1:02:01]} 25. Qb4 {[%clk 0:59:49]} Bc2+ {[%clk 1:00:21]}
26. Kc1 {[%clk 0:59:52]} Qe2 {[%clk 0:57:01]} 27. Re1 {[%clk 1:00:02]} Qa6
{[%clk 0:55:28]} 28. d5 {[%clk 0:56:51]} Ba4 {[%clk 0:54:51]} 29. Kb1 {[%clk
0:52:39]} Qd3+ {[%clk 0:52:20]} 30. Ka1 {[%clk 0:52:54]} Bd7 {[%clk 0:50:35]}
31. Qc3 {[%clk 0:50:29]} Qxc3 {[%clk 0:49:12]} 32. bxc3 {[%clk 0:50:53]} Rxg2
{[%clk 0:49:06]} 33. Rc1 {[%clk 0:51:00]} Kf8 {[%clk 0:48:44]} 34. d6 {[%clk
0:51:12]} Ke8 {[%clk 0:48:16]} 35. c4 {[%clk 0:51:19]} Kd8 {[%clk 0:47:45]} 36.
c5 {[%clk 0:51:16]} Kc8 {[%clk 0:46:28]} 37. c6 {[%clk 0:48:05]} Be6 {[%clk
0:45:56]} 38. d7+ {[%clk 0:44:29]} Bxd7 {[%clk 0:45:16]} 39. cxd7+ {[%clk
0:44:52]} Kxd7 {[%clk 0:45:28]} 40. Rc7+ {[%clk 0:45:18]} Ke6 {[%clk 0:45:24]}
41. Rxa7 {[%clk 0:44:37]} g5 {[%clk 0:45:27]} 42. Bg3 {[%clk 0:44:25]} h5
{[%clk 0:45:36]} 43. Rb7 {[%clk 0:41:18]} h4 {[%clk 0:45:24]} 44. Bb8 {[%clk
0:41:24]} g4 {[%clk 0:45:06]} 45. Rb2 {[%clk 0:40:47]} Rxb2 {[%clk 0:45:00]}
46. Kxb2 {[%clk 0:41:09]} f5 {[%clk 0:45:07]} 47. a4 {[%clk 0:40:58]} Kd7
{[%clk 0:44:38]} 48. a5 {[%clk 0:39:51]} Kc6 {[%clk 0:44:49]} 49. a6 {[%clk
0:39:45]} Kb6 {[%clk 0:45:08]} 50. a7 {[%clk 0:40:02]} Kb7 {[%clk 0:45:29]} 51.
Kc3 {[%clk 0:40:17]} g3 {[%clk 0:45:29]} 52. hxg3 {[%clk 0:40:11]} h3 {[%clk
0:45:40]} 53. g4 {[%clk 0:40:31]} fxg4 {[%clk 0:45:06]} 54. Kd4 {[%clk
0:40:35]} g3 {[%clk 0:45:04]} 55. Bxg3 {[%clk 0:40:49]} Kxa7 {[%clk 0:45:28]}
56. Kxe4 {[%clk 0:41:07]} Kb7 {[%clk 0:45:33]} 57. Kd5 {[%clk 0:40:12]} Kc8
{[%clk 0:45:48]} 58. e4 {[%clk 0:39:51]} Kd8 {[%clk 0:46:01]} 59. Ke6 {[%clk
0:39:23]} Ke8 {[%clk 0:46:07]} 60. e5 {[%clk 0:39:41]} h2 {[%clk 0:46:20]} 61.
Bxh2 {[%clk 0:40:00]} Kd8 {[%clk 0:46:29]} 62. Kf7 {[%clk 0:40:14]} Kd7 {[%clk
0:46:30]} 63. e6+ {[%clk 0:40:38]} Kc6 {[%clk 0:46:53]} 64. e7 {[%clk 0:40:54]}
Kd5 {[%clk 0:47:16]} 65. e8=Q {[%clk 0:41:09]} Kd4 {[%clk 0:47:30]} 66. Qe5+
{[%clk 0:41:29]} Kc4 {[%clk 0:47:42]} 67. Qd6 {[%clk 0:41:35]} Kc3 {[%clk
0:47:50]} 68. Ke6 {[%clk 0:41:53]} Kc2 {[%clk 0:47:55]} 69. Ke5 {[%clk
0:42:07]} Kc3 {[%clk 0:48:13]} 70. Qd4+ {[%clk 0:42:33]} Kc2 {[%clk 0:48:26]}
71. Ke4 {[%clk 0:42:53]} Kc1 {[%clk 0:48:22]} 72. Qf2 {[%clk 0:43:13]} Kb1
{[%clk 0:48:32]} 73. Kd3 {[%clk 0:43:35]} Ka1 {[%clk 0:48:50]} 74. Be5+ {[%clk
0:43:52]} Kb1 {[%clk 0:49:07]} 75. Qc2# 1-0

[Event "DEM U12w 2021"]
[Site "Willingen GER"]
[Date "2021.08.25"]
[Round "4"]
[White "Kutz, Ida Klara"]
[Black "Pröttel, Ela"]
[Result "0-1"]
[Termination "normal"]
[Board "9"]
[WhiteElo "1258"]
[BlackElo "1182"]
[WhiteClock "00:34:24"]
[BlackClock "00:00:42"]
[PlyCount "74"]
[WhiteFideId "16296257"]
[BlackFideId "44582749"]
[EventCountry "GER"]
[EventRounds "9"]
[EventType "swiss"]
[EventDate "2021.08.22"]

1. c4 {[%clk 1:30:59]} e6 {[%clk 1:30:24]} 2. Nc3 {[%clk 1:31:25]} d5 {[%clk
1:30:29]} 3. cxd5 {[%clk 1:31:41]} exd5 {[%clk 1:30:54]} 4. d4 {[%clk 1:32:05]}
Nf6 {[%clk 1:30:45]} 5. Nf3 {[%clk 1:32:16]} c6 {[%clk 1:29:46]} 6. e3 {[%clk
1:32:23]} Bd6 {[%clk 1:28:48]} 7. Bd3 {[%clk 1:31:47]} Bg4 {[%clk 1:24:49]} 8.
O-O {[%clk 1:31:23]} O-O {[%clk 1:21:47]} 9. e4 {[%clk 1:30:38]} dxe4 {[%clk
1:20:13]} 10. Nxe4 {[%clk 1:30:55]} Nxe4 {[%clk 1:18:30]} 11. Bxe4 {[%clk
1:31:13]} Re8 {[%clk 1:07:38]} 12. Qd3 {[%clk 1:30:32]} h6 {[%clk 1:06:04]} 13.
Be3 {[%clk 1:28:10]} Nd7 {[%clk 1:04:47]} 14. d5 {[%clk 1:26:59]} c5 {[%clk
1:04:45]} 15. Nd2 {[%clk 1:26:22]} Nf6 {[%clk 0:58:44]} 16. Bf5 {[%clk
1:25:42]} Qc7 {[%clk 0:52:44]} 17. h3 {[%clk 1:23:52]} Bxf5 {[%clk 0:51:57]}
18. Qxf5 {[%clk 1:23:51]} Re5 {[%clk 0:49:15]} 19. Qf3 {[%clk 1:22:44]} Rxd5
{[%clk 0:37:31]} 20. Ne4 {[%clk 1:21:48]} Nxe4 {[%clk 0:35:34]} 21. Qxe4 {[%clk
1:20:37]} Re5 {[%clk 0:35:48]} 22. Qg4 {[%clk 1:20:27]} Kh8 {[%clk 0:32:38]}
23. Rad1 {[%clk 1:19:13]} Re6 {[%clk 0:23:03]} 24. Rfe1 {[%clk 1:15:58]} Rae8
{[%clk 0:19:35]} 25. Bd2 {[%clk 1:10:08]} Rxe1+ {[%clk 0:19:14]} 26. Rxe1
{[%clk 1:09:31]} Rxe1+ {[%clk 0:18:30]} 27. Bxe1 {[%clk 1:09:53]} Be5 {[%clk
0:09:33]} 28. b3 {[%clk 1:07:07]} b5 {[%clk 0:06:24]} 29. Qe2 {[%clk 1:00:30]}
c4 {[%clk 0:02:15]} 30. bxc4 {[%clk 0:56:04]} bxc4 {[%clk 0:02:26]} 31. Qc2
{[%clk 0:50:43]} c3 {[%clk 0:01:32]} 32. g3 {[%clk 0:46:38]} Qc4 {[%clk
0:00:41]} 33. a3 {[%clk 0:45:15]} a5 {[%clk 0:00:52]} 34. f4 {[%clk 0:44:21]}
Bf6 {[%clk 0:00:39]} 35. Bf2 {[%clk 0:43:13]} a4 {[%clk 0:00:38]} 36. Be1
{[%clk 0:35:30]} Qb3 {[%clk 0:00:41]} 37. Qc1 {[%clk 0:34:24]} Qb2 {[%clk
0:00:42]} 0-1

[Event "DEM U12w 2021"]
[Site "Willingen GER"]
[Date "2021.08.25"]
[Round "4"]
[White "Bangiev, Katharina"]
[Black "Moldovan, Stela"]
[Result "1-0"]
[Termination "normal"]
[Board "10"]
[WhiteElo "1477"]
[BlackElo "1251"]
[WhiteClock "00:24:39"]
[BlackClock "00:32:54"]
[PlyCount "45"]
[WhiteFideId "16267230"]
[BlackFideId "16287380"]
[EventCountry "GER"]
[EventRounds "9"]
[EventType "swiss"]
[EventDate "2021.08.22"]

1. e4 {[%clk 1:30:57]} c5 {[%clk 1:30:36]} 2. Nf3 {[%clk 1:31:20]} a6 {[%clk
1:30:48]} 3. c4 {[%clk 1:31:32]} Nc6 {[%clk 1:30:39]} 4. d4 {[%clk 1:31:18]}
cxd4 {[%clk 1:30:56]} 5. Nxd4 {[%clk 1:31:43]} e5 {[%clk 1:31:19]} 6. Nf5
{[%clk 1:31:35]} d6 {[%clk 1:31:36]} 7. Ne3 {[%clk 1:31:47]} Nf6 {[%clk
1:30:57]} 8. Nc3 {[%clk 1:31:51]} Be7 {[%clk 1:30:32]} 9. Bd3 {[%clk 1:31:00]}
Nd4 {[%clk 1:29:58]} 10. O-O {[%clk 1:28:51]} O-O {[%clk 1:29:48]} 11. b3
{[%clk 1:26:30]} b6 {[%clk 1:25:27]} 12. Bb2 {[%clk 1:22:39]} Bb7 {[%clk
1:24:10]} 13. f4 {[%clk 1:13:39]} Qc7 {[%clk 1:20:52]} 14. Ncd5 {[%clk
1:08:21]} Nxd5 {[%clk 1:20:00]} 15. Nxd5 {[%clk 1:07:31]} Bxd5 {[%clk 1:19:45]}
16. exd5 {[%clk 1:07:53]} Bf6 {[%clk 1:17:03]} 17. Be4 {[%clk 1:02:29]} Rab8
{[%clk 0:43:47]} 18. fxe5 {[%clk 0:53:42]} dxe5 {[%clk 0:39:57]} 19. Rxf6
{[%clk 0:27:00]} gxf6 {[%clk 0:37:15]} 20. Qg4+ {[%clk 0:25:51]} Kh8 {[%clk
0:37:17]} 21. Bxd4 {[%clk 0:25:27]} exd4 {[%clk 0:37:19]} 22. Qf5 {[%clk
0:24:21]} Kg8 {[%clk 0:32:54]} 23. Qxh7# {[%clk 0:24:39]} 1-0

[Event "DEM U12w 2021"]
[Site "Willingen GER"]
[Date "2021.08.25"]
[Round "4"]
[White "Krasikova, Milana"]
[Black "Moldovan, Tatiana"]
[Result "0-1"]
[Termination "normal"]
[Board "11"]
[WhiteElo "1244"]
[BlackElo "1437"]
[WhiteClock "00:00:58"]
[BlackClock "00:04:03"]
[PlyCount "56"]
[WhiteFideId "16287347"]
[BlackFideId "16287398"]
[EventCountry "GER"]
[EventRounds "9"]
[EventType "swiss"]
[EventDate "2021.08.22"]

1. e4 {[%clk 1:30:59]} c5 {[%clk 1:30:24]} 2. Nf3 {[%clk 1:31:20]} a6 {[%clk
1:30:42]} 3. c3 {[%clk 1:31:30]} d5 {[%clk 1:30:50]} 4. exd5 {[%clk 1:31:08]}
Qxd5 {[%clk 1:31:08]} 5. d4 {[%clk 1:30:16]} e6 {[%clk 1:31:19]} 6. a3 {[%clk
1:23:45]} Nf6 {[%clk 1:28:53]} 7. b4 {[%clk 1:18:37]} b6 {[%clk 1:27:00]} 8.
Be3 {[%clk 1:07:11]} Nbd7 {[%clk 1:22:56]} 9. Be2 {[%clk 0:59:13]} Bb7 {[%clk
1:09:21]} 10. O-O {[%clk 0:49:06]} cxd4 {[%clk 1:06:30]} 11. cxd4 {[%clk
0:39:44]} Rc8 {[%clk 0:45:23]} 12. Qd3 {[%clk 0:29:42]} Qe4 {[%clk 0:27:24]}
13. Nbd2 {[%clk 0:23:45]} Qxd3 {[%clk 0:24:21]} 14. Bxd3 {[%clk 0:23:50]} Be7
{[%clk 0:21:31]} 15. Rfc1 {[%clk 0:18:07]} O-O {[%clk 0:17:41]} 16. Rab1 {[%clk
0:14:52]} b5 {[%clk 0:17:50]} 17. h3 {[%clk 0:13:22]} Bd6 {[%clk 0:15:07]} 18.
g3 {[%clk 0:12:34]} Nd5 {[%clk 0:10:34]} 19. Kg2 {[%clk 0:08:43]} f5 {[%clk
0:08:09]} 20. Rxc8 {[%clk 0:03:42]} Rxc8 {[%clk 0:08:19]} 21. Nf1 {[%clk
0:02:26]} Rc3 {[%clk 0:07:08]} 22. Be2 {[%clk 0:01:48]} Rxa3 {[%clk 0:05:47]}
23. Kg1 {[%clk 0:01:05]} Nc3 {[%clk 0:05:10]} 24. Bc1 {[%clk 0:00:44]} Nxb1
{[%clk 0:05:08]} 25. Bxa3 {[%clk 0:00:59]} Nxa3 {[%clk 0:05:36]} 26. Ng5 {[%clk
0:01:07]} e5 {[%clk 0:04:14]} 27. dxe5 {[%clk 0:00:57]} Nxe5 {[%clk 0:04:19]}
28. Ne3 {[%clk 0:00:58]} g6 {[%clk 0:04:03]} 0-1

[Event "DEM U12w 2021"]
[Site "Willingen GER"]
[Date "2021.08.25"]
[Round "4"]
[White "Eger, Nora"]
[Black "Richter, Johanna"]
[Result "0-1"]
[Termination "normal"]
[Board "12"]
[WhiteElo "1281"]
[BlackElo "1155"]
[WhiteClock "00:43:08"]
[BlackClock "00:28:49"]
[PlyCount "176"]
[WhiteFideId "34605827"]
[BlackFideId "16278925"]
[EventCountry "GER"]
[EventRounds "9"]
[EventType "swiss"]
[EventDate "2021.08.22"]

1. Nf3 {[%clk 1:30:58]} c5 {[%clk 1:30:50]} 2. g3 {[%clk 1:31:10]} Nc6 {[%clk
1:31:12]} 3. Bg2 {[%clk 1:31:26]} g6 {[%clk 1:31:24]} 4. O-O {[%clk 1:31:34]}
Bg7 {[%clk 1:31:50]} 5. d3 {[%clk 1:31:27]} d6 {[%clk 1:31:59]} 6. c4 {[%clk
1:30:45]} e5 {[%clk 1:31:44]} 7. Nc3 {[%clk 1:29:42]} Nge7 {[%clk 1:30:31]} 8.
Ne4 {[%clk 1:27:01]} O-O {[%clk 1:27:08]} 9. b3 {[%clk 1:23:39]} f5 {[%clk
1:26:13]} 10. Nc3 {[%clk 1:21:21]} e4 {[%clk 1:23:45]} 11. Bb2 {[%clk 1:18:52]}
exf3 {[%clk 1:22:45]} 12. Bxf3 {[%clk 1:18:58]} Be6 {[%clk 1:21:13]} 13. Qd2
{[%clk 1:16:37]} Bf7 {[%clk 1:11:51]} 14. Nb5 {[%clk 1:14:30]} Bxb2 {[%clk
1:07:10]} 15. Qxb2 {[%clk 1:14:45]} a6 {[%clk 1:05:35]} 16. Na3 {[%clk
1:12:53]} Rb8 {[%clk 1:01:32]} 17. Qd2 {[%clk 1:08:27]} Qa5 {[%clk 0:59:46]}
18. Qxa5 {[%clk 1:07:54]} Nxa5 {[%clk 1:00:12]} 19. Nc2 {[%clk 1:06:04]} Nac6
{[%clk 0:57:54]} 20. e3 {[%clk 1:04:21]} b6 {[%clk 0:54:13]} 21. Bg2 {[%clk
1:00:42]} Rbd8 {[%clk 0:52:44]} 22. d4 {[%clk 1:00:10]} d5 {[%clk 0:43:22]} 23.
cxd5 {[%clk 0:58:45]} Bxd5 {[%clk 0:43:08]} 24. dxc5 {[%clk 0:58:26]} Bxg2
{[%clk 0:41:35]} 25. Kxg2 {[%clk 0:58:46]} bxc5 {[%clk 0:41:57]} 26. Rac1
{[%clk 0:58:20]} Rd2 {[%clk 0:41:44]} 27. Na1 {[%clk 0:57:28]} Rxa2 {[%clk
0:40:32]} 28. Rxc5 {[%clk 0:57:40]} Rd8 {[%clk 0:38:32]} 29. Rc4 {[%clk
0:53:15]} Rdd2 {[%clk 0:36:36]} 30. Rcc1 {[%clk 0:50:05]} Nb4 {[%clk 0:33:38]}
31. Kg1 {[%clk 0:46:58]} Kf7 {[%clk 0:31:59]} 32. h3 {[%clk 0:40:57]} Nd3
{[%clk 0:31:56]} 33. Rcd1 {[%clk 0:38:03]} Rxd1 {[%clk 0:32:00]} 34. Rxd1
{[%clk 0:37:58]} Nxf2 {[%clk 0:32:11]} 35. Rf1 {[%clk 0:37:49]} Nxh3+ {[%clk
0:32:25]} 36. Kh1 {[%clk 0:38:08]} Nd5 {[%clk 0:31:14]} 37. Re1 {[%clk
0:37:10]} Nf6 {[%clk 0:30:38]} 38. Rc1 {[%clk 0:36:38]} Rf2 {[%clk 0:29:15]}
39. Rc2 {[%clk 0:34:59]} Rxc2 {[%clk 0:27:49]} 40. Nxc2 {[%clk 0:35:24]} Nf2+
{[%clk 0:28:02]} 41. Kg2 {[%clk 0:35:37]} N2e4 {[%clk 0:27:56]} 42. Nb4 {[%clk
0:35:32]} Nc5 {[%clk 0:28:04]} 43. Kf3 {[%clk 0:35:41]} a5 {[%clk 0:28:20]} 44.
Nc6 {[%clk 0:36:03]} Nxb3 {[%clk 0:28:04]} 45. Ne5+ {[%clk 0:36:22]} Ke6 {[%clk
0:28:24]} 46. Nc4 {[%clk 0:36:13]} Kd5 {[%clk 0:27:27]} 47. Nb2 {[%clk
0:36:14]} Kc5 {[%clk 0:27:02]} 48. Ke2 {[%clk 0:36:10]} Kb4 {[%clk 0:26:43]}
49. Kd3 {[%clk 0:36:18]} Nd5 {[%clk 0:25:33]} 50. Ke2 {[%clk 0:35:10]} Nc3+
{[%clk 0:25:11]} 51. Kf3 {[%clk 0:34:56]} Nd2+ {[%clk 0:23:40]} 52. Kf4 {[%clk
0:34:47]} Kb3 {[%clk 0:24:00]} 53. Nd3 {[%clk 0:34:49]} Nd5+ {[%clk 0:23:37]}
54. Kg5 {[%clk 0:34:57]} Nxe3 {[%clk 0:23:47]} 55. Kh6 {[%clk 0:35:20]} Ndf1
{[%clk 0:24:09]} 56. Kxh7 {[%clk 0:35:32]} a4 {[%clk 0:22:52]} 57. Nc5+ {[%clk
0:35:03]} Kb4 {[%clk 0:21:54]} 58. Nxa4 {[%clk 0:35:20]} Kxa4 {[%clk 0:22:19]}
59. Kxg6 {[%clk 0:35:46]} Nxg3 {[%clk 0:22:42]} 60. Kg5 {[%clk 0:35:41]} Kb4
{[%clk 0:22:57]} 61. Kf4 {[%clk 0:35:59]} Nef1 {[%clk 0:22:57]} 62. Kf3 {[%clk
0:36:06]} Kc4 {[%clk 0:23:17]} 63. Kf4 {[%clk 0:36:15]} Kd4 {[%clk 0:23:37]}
64. Kf3 {[%clk 0:36:25]} Ke5 {[%clk 0:23:59]} 65. Kf2 {[%clk 0:36:45]} Kf4
{[%clk 0:23:52]} 66. Kg2 {[%clk 0:36:44]} Nh5 {[%clk 0:23:59]} 67. Kxf1 {[%clk
0:36:49]} Kf3 {[%clk 0:24:23]} 68. Kg1 {[%clk 0:37:07]} Ke2 {[%clk 0:24:43]}
69. Kg2 {[%clk 0:37:21]} Ng3 {[%clk 0:24:29]} 70. Kxg3 {[%clk 0:37:29]} Ke3
{[%clk 0:24:55]} 71. Kg2 {[%clk 0:36:51]} f4 {[%clk 0:24:18]} 72. Kf1 {[%clk
0:37:12]} Kf3 {[%clk 0:24:43]} 73. Ke1 {[%clk 0:37:36]} Kg2 {[%clk 0:25:04]}
74. Ke2 {[%clk 0:38:01]} f3+ {[%clk 0:25:27]} 75. Ke3 {[%clk 0:38:28]} f2
{[%clk 0:25:52]} 76. Ke4 {[%clk 0:38:50]} f1=Q {[%clk 0:26:08]} 77. Ke3 {[%clk
0:39:12]} Qf5 {[%clk 0:26:05]} 78. Kd3 {[%clk 0:39:54]} Qf4 {[%clk 0:26:08]}
79. Kc3 {[%clk 0:40:06]} Qe4 {[%clk 0:26:32]} 80. Kd2 {[%clk 0:40:25]} Qf3
{[%clk 0:26:34]} 81. Kc2 {[%clk 0:40:46]} Qe3 {[%clk 0:26:49]} 82. Kb2 {[%clk
0:41:04]} Qd3 {[%clk 0:27:02]} 83. Kc1 {[%clk 0:41:26]} Qe2 {[%clk 0:27:19]}
84. Kb1 {[%clk 0:41:51]} Kf3 {[%clk 0:27:42]} 85. Kc1 {[%clk 0:42:10]} Ke3
{[%clk 0:28:06]} 86. Kb1 {[%clk 0:42:37]} Kd3 {[%clk 0:28:24]} 87. Ka1 {[%clk
0:42:43]} Kc3 {[%clk 0:28:49]} 88. Kb1 {[%clk 0:43:08]} Qb2# 0-1